Satellite Images - Europe - Statistics

General Stats
  • This quiz has been taken 105,174 times
  • The average score is 11 of 16
Answer Stats
Picture Hint Answer % Correct
country Portugal
94%
building The Coliseum
94%
country Denmark
92%
country Netherlands
84%
city Venice
83%
island Sicily
82%
country Croatia
81%
body of water Adriatic Sea
71%
island Crete
66%
country Estonia
59%
body of water Bay of {Biscay}
55%
city Amsterdam
54%
peninsula Brittany
47%
river delta Danube
44%
island Isle of Wight
32%
city St. Petersburg
30%
No matching quizzes found
Score Distribution
Percent of People with Each Score
Percentile by Number Answered
Your Score History
You have not taken this quiz